000 00345cam a22001097a 4500
008 180718b1969 xxu||||| |||| 00| 0 eng d
082 _aI513503x54 In2/1969
245 _aThe Assam reorganisation (Meghalaya) act, 1969
_cby Ministry of Law
260 _aDelhi
_bThe Manager of Publications
_c1969
300 _a41+p
700 _aIndia. Ministry of Law
999 _c491481
_d491481